ICAN students' journal. (Record no. 38241)

MARC details
000 -LEADER
fixed length control field 00496nam a2200169Ia 4500
022 ## - INTERNATIONAL STANDARD SERIAL NUMBER
ISSN 11199636
050 ## - CALL MARK
Classification number HF 5601 .I57/
245 #0 - TITLE STATEMENT
Title ICAN students' journal.
260 ## - PUBLICATION, DISTRIBUTION, ETC. (IMPRINT)
Place of publication Lagos, Nigeria
260 ## - PUBLICATION, DISTRIBUTION, ETC. (IMPRINT)
Name of publisher ICAN
260 ## - PUBLICATION, DISTRIBUTION, ETC. (IMPRINT)
Year of publication 2019
300 ## - PHYSICAL DESCRIPTION
Number of Pages v. : ill. ; 30 cm.
650 ## - SUBJECT ADDED ENTRY--TOPICAL TERM
Topical Term Institute of Chartered Accountants of Nigeria--Periodicals. Accounting--Periodicals. Accounting--Nigeria--Periodicals.
942 ## - ADDED ENTRY ELEMENTS (KOHA)
Koha item type Serials

No items available.